<?xml version="1.0" encoding="UTF-8"?>
<record
    xmlns:xsi="http://www.w3.org/2001/XMLSchema-instance"
    xsi:schemaLocation="http://www.loc.gov/MARC21/slim http://www.loc.gov/standards/marcxml/schema/MARC21slim.xsd"
    xmlns="http://www.loc.gov/MARC21/slim">

  <leader>02920nam a22002897a 4500</leader>
  <controlfield tag="001">8545</controlfield>
  <controlfield tag="003">FISKH</controlfield>
  <controlfield tag="005">20250919150814.0</controlfield>
  <controlfield tag="008">250918b        cb ||||| |||| 00| 0 eng d</controlfield>
  <datafield tag="020" ind1=" " ind2=" ">
    <subfield code="a">9789996301865</subfield>
  </datafield>
  <datafield tag="040" ind1=" " ind2=" ">
    <subfield code="a">FISKH</subfield>
    <subfield code="b">khr</subfield>
    <subfield code="c">FISKH</subfield>
    <subfield code="d">FISKH</subfield>
  </datafield>
  <datafield tag="050" ind1=" " ind2=" ">
    <subfield code="a">PZ7</subfield>
  </datafield>
  <datafield tag="100" ind1=" " ind2=" ">
    <subfield code="a">Dawn, Dim</subfield>
  </datafield>
  <datafield tag="245" ind1=" " ind2=" ">
    <subfield code="a">&#x1780;&#x17BB;&#x1798;&#x17B6;&#x179A;&#x1787;&#x1780;&#x17CB;&#x1791;&#x17B7;&#x1796;&#x17D2;&#x179C;&#x200B; :</subfield>
    <subfield code="b">A boy with magic bursh / </subfield>
    <subfield code="c">&#x1793;&#x17B7;&#x1796;&#x1793;&#x17D2;&#x1792;&#x178A;&#x17C4;&#x1799;&#x179B;&#x17C4;&#x1780; &#x178C;&#x17B9;&#x1798; &#x178A;&#x1793; </subfield>
  </datafield>
  <datafield tag="260" ind1=" " ind2=" ">
    <subfield code="a">Phnom Penh : </subfield>
    <subfield code="b">Reading Books , </subfield>
    <subfield code="c">2013.</subfield>
  </datafield>
  <datafield tag="300" ind1=" " ind2=" ">
    <subfield code="a">28 pages : </subfield>
    <subfield code="b">color illustrations ;</subfield>
    <subfield code="c">25 cm . </subfield>
  </datafield>
  <datafield tag="505" ind1=" " ind2=" ">
    <subfield code="a">P 
</subfield>
  </datafield>
  <datafield tag="520" ind1=" " ind2=" ">
    <subfield code="a">&#x179A;&#x17BF;&#x1784; &#x1780;&#x17BB;&#x1798;&#x17B6;&#x179A;&#x1787;&#x1780;&#x17CB;&#x1791;&#x17B7;&#x1796;&#x17D2;&#x179C; &#x17A2;&#x17D2;&#x1793;&#x1780;&#x1793;&#x17B7;&#x1796;&#x1793;&#x17D2;&#x1792;&#x1785;&#x1784;&#x17CB;&#x1794;&#x1784;&#x17D2;&#x17A0;&#x17B6;&#x1789;&#x17A2;&#x17C4;&#x1799;&#x1794;&#x17D2;&#x17A2;&#x17BC;&#x1793;&#x17D7;&#x1780;&#x17BB;&#x1798;&#x17B6;&#x179A;&#x1785;&#x17C1;&#x17C7;&#x178F;&#x179F;&#x17CA;&#x17BC;&#x179A;&#x1793;&#x17B9;&#x1784;&#x1780;&#x17B6;&#x179A;&#x1784;&#x17B6;&#x179A; &#x1791;&#x17C4;&#x17C7;&#x1798;&#x17B6;&#x1793;&#x1780;&#x17B6;&#x179A;&#x1782;&#x17B6;&#x1794;&#x179F;&#x1784;&#x17D2;&#x1780;&#x178F;&#x17CB;&#x1796;&#x17B8;&#x179F;&#x17C6;&#x178E;&#x17B6;&#x1780;&#x17CB;&#x17A2;&#x17D2;&#x1793;&#x1780;&#x178A;&#x1791;&#x17C3;&#x1780;&#x17CF;&#x178A;&#x17C4;&#x1799; &#x17D4; &#x178F;&#x17BD;&#x1799;&#x17C9;&#x17B6;&#x1784;&#x178A;&#x17BC;&#x1785;&#x1780;&#x17BB;&#x1798;&#x17B6;&#x179A;&#x1787;&#x1780;&#x17CB;&#x1791;&#x17B7;&#x1796;&#x17D2;&#x179C; &#x1790;&#x17D2;&#x179C;&#x17B8;&#x178F;&#x17D2;&#x1794;&#x17B7;&#x178F;&#x178F;&#x17C2;&#x1782;&#x17C1;&#x1793;&#x17C5;&#x1780;&#x17D2;&#x1798;&#x17C1;&#x1784;&#x1798;&#x17C2;&#x1793; &#x178F;&#x17C2;&#x1782;&#x17C1;&#x1785;&#x17C1;&#x17C7;&#x179F;&#x17D2;&#x179A;&#x179B;&#x17B6;&#x1789;&#x17CB;&#x1794;&#x17D2;&#x179A;&#x1787;&#x17B6;&#x1787;&#x1793;&#x1780;&#x17D2;&#x179A;&#x17B8;&#x1780;&#x17D2;&#x179A;&#x178A;&#x17BC;&#x1785;&#x1787;&#x17B6;&#x179A;&#x17BC;&#x1794;&#x1782;&#x17C1;&#x178A;&#x17C2;&#x179A; &#x17A0;&#x17BE;&#x1799;&#x1782;&#x17C1;&#x1794;&#x17B6;&#x1793;&#x1787;&#x17BD;&#x1799;&#x178A;&#x179B;&#x17CB;&#x17A2;&#x17D2;&#x1793;&#x1780;&#x1791;&#x17B6;&#x17C6;&#x1784;&#x1793;&#x17C4;&#x17C7;&#x1791;&#x17C0;&#x178F;&#x1795;&#x1784; &#x17D4;&#x200B;&#x200B; &#x1794;&#x17D2;&#x17A2;&#x17BC;&#x1793;&#x17D7;&#x178F;&#x17D2;&#x179A;&#x17BC;&#x179C;&#x178A;&#x17B9;&#x1784;&#x1790;&#x17B6;&#x1791;&#x17C4;&#x17C7;&#x1794;&#x17B8;&#x1787;&#x17B6;&#x17A2;&#x17D2;&#x1793;&#x1780;&#x1787;&#x17B6;&#x1780;&#x17D2;&#x1798;&#x17C1;&#x1784;&#x1780;&#x17C6;&#x1796;&#x17D2;&#x179A;&#x17B6;&#x1780;&#x17C6;&#x179F;&#x178F;&#x17CB; &#x178F;&#x17C2;&#x1780;&#x17B6;&#x179A;&#x178F;&#x179F;&#x17CA;&#x17BC;&#x17A2;&#x17C6;&#x178E;&#x178F;&#x17CB;&#x1782;&#x17BD;&#x1794;&#x1795;&#x17D2;&#x179F;&#x17C6;&#x1793;&#x17BA;&#x1784;&#x179F;&#x1798;&#x178F;&#x17D2;&#x1790;&#x1797;&#x17B6;&#x1796;&#x179A;&#x1794;&#x179F;&#x17CB;&#x1794;&#x17D2;&#x17A2;&#x17BC;&#x1793; &#x1780;&#x17CF;&#x1782;&#x1784;&#x17CB;&#x178F;&#x17C2;&#x1798;&#x17B6;&#x1793;&#x17A2;&#x17D2;&#x1793;&#x1780;&#x1787;&#x17BD;&#x1799;&#x1792;&#x17D2;&#x179C;&#x17BE;&#x17A2;&#x17C4;&#x1799;&#x1794;&#x17D2;&#x17A2;&#x17BC;&#x1793;&#x17D7;&#x17A2;&#x17B6;&#x1785;&#x179F;&#x1798;&#x17D2;&#x179A;&#x17C1;&#x1785;&#x1793;&#x17BC;&#x179C;&#x1782;&#x17C4;&#x179B;&#x1794;&#x17C6;&#x178E;&#x1784;&#x179A;&#x1794;&#x179F;&#x17CB;&#x1781;&#x17D2;&#x179B;&#x17BD;&#x1793;&#x1787;&#x17B6;&#x1798;&#x17B7;&#x1793;&#x1781;&#x17B6;&#x1793;&#x17A1;&#x17BE;&#x1799; &#x17D4;&#x200B; &#x178A;&#x17BC;&#x1785;&#x17D2;&#x1793;&#x17C7;&#x1794;&#x17D2;&#x17A2;&#x17BC;&#x1793;&#x17D7;&#x178F;&#x17D2;&#x179A;&#x17BC;&#x179C;&#x178F;&#x17C2;&#x1796;&#x17D2;&#x1799;&#x17B6;&#x1799;&#x17B6;&#x1798;&#x1781;&#x17B7;&#x178F;&#x1781;&#x17C6;&#x179A;&#x17A0;&#x17BC;&#x178F;&#x1791;&#x17B6;&#x179B;&#x17CB;&#x178F;&#x17C2;&#x1794;&#x17B6;&#x1793;&#x1791;&#x1791;&#x17BD;&#x179B;&#x1787;&#x17D0;&#x1799;&#x1787;&#x17C6;&#x1793;&#x17C7;&#x1791;&#x17C5;&#x179B;&#x17BE;&#x1780;&#x17B6;&#x179A;&#x179A;&#x17C0;&#x1793;&#x179F;&#x17BC;&#x178F;&#x17D2;&#x179A; &#x1793;&#x17B7;&#x1784;&#x1791;&#x17C1;&#x1796;&#x1780;&#x17C4;&#x179F;&#x179B;&#x17D2;&#x1799;&#x179A;&#x1794;&#x179F;&#x17CB;&#x1781;&#x17D2;&#x179B;&#x17BD;&#x1793; &#x17D4;&#x200B;&#x200B;&#x200B;&#x200B;&#x200B;&#x200B;&#x200B;&#x200B;&#x200B;&#x200B;&#x200B;&#x200B;&#x200B;&#x200B;&#x200B;&#x200B;
</subfield>
  </datafield>
  <datafield tag="520" ind1=" " ind2=" ">
    <subfield code="a">The story " A boy with a magic brush " is written to educate young people on how to struggle and persist against the suppression and suppression and exploitation by other people . An exaample is the case of a boy who with a magic brush , who likes helping the poor like he is even though he is  a young boy . It is recommended that being a poor orphan doesn't matter but it is the persistences as you wish. Therefore, you should study hard and never give up until your dream of success becomes a reality . </subfield>
  </datafield>
  <datafield tag="521" ind1="8" ind2=" ">
    <subfield code="a">650 
</subfield>
    <subfield code="b">Lexile estimate 
</subfield>
  </datafield>
  <datafield tag="521" ind1="8" ind2=" ">
    <subfield code="a">P 
</subfield>
    <subfield code="b">Raz-Plus 
</subfield>
  </datafield>
  <datafield tag="650" ind1=" " ind2=" ">
    <subfield code="a">&#x1780;&#x17BB;&#x1798;&#x17B6;&#x179A;&#x1787;&#x1780;&#x17CB;&#x1791;&#x17B7;&#x1796;&#x17D2;&#x179C;</subfield>
    <subfield code="v">&#x179A;&#x17BF;&#x1784;&#x1793;&#x17B7;&#x1791;&#x17B6;&#x1793;&#x1780;&#x17BB;&#x1798;&#x17B6;&#x179A;</subfield>
  </datafield>
  <datafield tag="650" ind1=" " ind2=" ">
    <subfield code="a">A boy with a magic brush </subfield>
    <subfield code="v">Children's Stories </subfield>
  </datafield>
  <datafield tag="700" ind1=" " ind2=" ">
    <subfield code="a">Sem, Sot</subfield>
    <subfield code="e">Illustrator </subfield>
  </datafield>
  <datafield tag="942" ind1=" " ind2=" ">
    <subfield code="2">ddc</subfield>
    <subfield code="c">KHB</subfield>
    <subfield code="n">0</subfield>
  </datafield>
  <datafield tag="999" ind1=" " ind2=" ">
    <subfield code="c">8545</subfield>
    <subfield code="d">8545</subfield>
  </datafield>
  <datafield tag="952" ind1=" " ind2=" ">
    <subfield code="0">0</subfield>
    <subfield code="1">0</subfield>
    <subfield code="2">ddc</subfield>
    <subfield code="4">0</subfield>
    <subfield code="7">0</subfield>
    <subfield code="8">Khmer-English Bilingual </subfield>
    <subfield code="a">002</subfield>
    <subfield code="b">002</subfield>
    <subfield code="c">TTP Khmer</subfield>
    <subfield code="d">2025-09-18</subfield>
    <subfield code="l">0</subfield>
    <subfield code="o">DAW PZ7 </subfield>
    <subfield code="p">FISBK03828</subfield>
    <subfield code="r">2025-09-18 16:04:39</subfield>
    <subfield code="t">1</subfield>
    <subfield code="w">2025-09-18</subfield>
    <subfield code="y">KHB</subfield>
  </datafield>
  <datafield tag="952" ind1=" " ind2=" ">
    <subfield code="0">0</subfield>
    <subfield code="1">0</subfield>
    <subfield code="2">ddc</subfield>
    <subfield code="4">0</subfield>
    <subfield code="7">0</subfield>
    <subfield code="8">Khmer-English Bilingual </subfield>
    <subfield code="a">002</subfield>
    <subfield code="b">002</subfield>
    <subfield code="c">TTP Khmer</subfield>
    <subfield code="d">2025-09-18</subfield>
    <subfield code="l">0</subfield>
    <subfield code="o">DAW PZ7 </subfield>
    <subfield code="p">FIS04315</subfield>
    <subfield code="r">2025-09-18 16:05:23</subfield>
    <subfield code="t">2</subfield>
    <subfield code="w">2025-09-18</subfield>
    <subfield code="y">KHB</subfield>
  </datafield>
  <datafield tag="952" ind1=" " ind2=" ">
    <subfield code="0">0</subfield>
    <subfield code="1">0</subfield>
    <subfield code="2">ddc</subfield>
    <subfield code="4">0</subfield>
    <subfield code="7">0</subfield>
    <subfield code="8">Khmer-English Bilingual </subfield>
    <subfield code="a">002</subfield>
    <subfield code="b">002</subfield>
    <subfield code="c">TTP Khmer</subfield>
    <subfield code="d">2025-09-18</subfield>
    <subfield code="l">0</subfield>
    <subfield code="o">DAW PZ7 </subfield>
    <subfield code="p">FIS05425</subfield>
    <subfield code="r">2025-09-18 16:05:44</subfield>
    <subfield code="t">3</subfield>
    <subfield code="w">2025-09-18</subfield>
    <subfield code="y">KHB</subfield>
  </datafield>
  <datafield tag="952" ind1=" " ind2=" ">
    <subfield code="0">0</subfield>
    <subfield code="1">0</subfield>
    <subfield code="2">ddc</subfield>
    <subfield code="4">0</subfield>
    <subfield code="7">0</subfield>
    <subfield code="8">Khmer-English Bilingual </subfield>
    <subfield code="a">002</subfield>
    <subfield code="b">002</subfield>
    <subfield code="c">TTP Khmer</subfield>
    <subfield code="d">2025-10-09</subfield>
    <subfield code="l">0</subfield>
    <subfield code="o">DAW PZ7 </subfield>
    <subfield code="p">FISBK03687</subfield>
    <subfield code="r">2025-10-09 14:21:32</subfield>
    <subfield code="t">4</subfield>
    <subfield code="w">2025-10-09</subfield>
    <subfield code="y">KHB</subfield>
  </datafield>
  <datafield tag="952" ind1=" " ind2=" ">
    <subfield code="0">0</subfield>
    <subfield code="1">0</subfield>
    <subfield code="2">ddc</subfield>
    <subfield code="4">0</subfield>
    <subfield code="7">0</subfield>
    <subfield code="8">Khmer-English Bilingual </subfield>
    <subfield code="a">002</subfield>
    <subfield code="b">002</subfield>
    <subfield code="c">TTP Khmer</subfield>
    <subfield code="d">2025-10-23</subfield>
    <subfield code="l">1</subfield>
    <subfield code="o">DAW PZ7 </subfield>
    <subfield code="p">2025-4729</subfield>
    <subfield code="r">2026-03-31 14:56:54</subfield>
    <subfield code="s">2026-03-02</subfield>
    <subfield code="t">5</subfield>
    <subfield code="w">2025-10-23</subfield>
    <subfield code="y">KHB</subfield>
  </datafield>
</record>
